[Event "SE-2022-0-00024"]
[Site "LSS email"]
[Date "2022.05.06"]
[Round "?"]
[White "Obrien, Glenn"]
[Black "Keiper, Archie"]
[Result "1/2-1/2"]
[WhiteElo "1293"]
[BlackElo "1381"]
[PlyCount "76"]
[EventDate "2021.03.06"]
[EventType "tourn (corr)"]
[EventRounds "6"]
[EventCountry "GER"]
[SourceTitle "Corr 2024"]
[Source "ChessBase"]
[SourceDate "2023.10.19"]
[SourceVersion "1"]
[SourceVersionDate "2023.10.19"]
[SourceQuality "1"]

1. e4 c5 2. Nf3 g6 3. d4 d6 4. d5 Bg7 5. Nc3 Nf6 6. Be2 0-0 7. 0-0 e6 8. Bf4 exd5 9. exd5 Re8 10. Bb5 Bd7 11. Bxd6 Bxb5 12. Nxb5 a6 13. Bc7 Qd7 14. Bxb8 Raxb8 15. Nc3 b5 16. a3 Rbd8 17. Re1 b4 18. axb4 cxb4 19. Ne2 Nxd5 20. Ned4 Nf4 21. Rxe8+ Rxe8 22. g3 Bxd4 23. Nxd4 Qxd4 24. gxf4 Qxf4 25. Rxa6 Qg5+ 26. Kh1 Qh4 27. Kg1 Re5 28. c3 Qg5+ 29. Kh1 Rd5 30. Ra8+ Kg7 31. Qf1 Qf4 32. h3 bxc3 33. bxc3 Qf3+ 34. Qg2 Rd1+ 35. Kh2 Qf4+ 36. Qg3 Qe4 37. Qg2 Qf4+ 38. Qg3 Qe4 1/2-1/2

[Event "SE-2022-0-00024"]
[Site "LSS email"]
[Date "2022.05.04"]
[Round "?"]
[White "Keiper, Archie"]
[Black "Raines, David"]
[Result "1-0"]
[WhiteElo "1381"]
[BlackElo "1203"]
[PlyCount "47"]
[EventDate "2021.03.06"]
[EventType "tourn (corr)"]
[EventRounds "6"]
[EventCountry "GER"]
[SourceTitle "Corr 2024"]
[Source "ChessBase"]
[SourceDate "2023.10.19"]
[SourceVersion "1"]
[SourceVersionDate "2023.10.19"]
[SourceQuality "1"]

1. e4 c5 2. Nf3 e6 3. c3 d5 4. e5 Nc6 5. d4 cxd4 6. cxd4 Qc7 7. Bb5 Bd7 8. Nc3 a6 9. Bd3 Qb6 10. Bc2 Nb4 11. Bb1 Ne7 12. 0-0 Ng6 13. h4 Be7 14. h5 Nf8 15. Bg5 Qd8 16. Bxe7 Qxe7 17. Re1 g6 18. a3 Nc6 19. Ba2 gxh5 20. Bxd5 exd5 21. Nxd5 Qd8 22. Nf6+ Ke7 23. Qc1 Ng6 24. Qc5+ 1-0

[Event "SE-2022-0-00024"]
[Site "LSS email"]
[Date "2022.05.04"]
[Round "?"]
[White "Razo, Ryan Jose"]
[Black "Keiper, Archie"]
[Result "0-1"]
[WhiteElo "1216"]
[BlackElo "1381"]
[PlyCount "54"]
[EventDate "2021.03.06"]
[EventType "tourn (corr)"]
[EventRounds "6"]
[EventCountry "GER"]
[SourceTitle "Corr 2024"]
[Source "ChessBase"]
[SourceDate "2023.10.19"]
[SourceVersion "1"]
[SourceVersionDate "2023.10.19"]
[SourceQuality "1"]

1. d4 Nf6 2. c4 g6 3. g3 d6 4. Nf3 Bg7 5. Bg2 a6 6. 0-0 Nbd7 7. Nc3 c5 8. d5 Rb8 9. Rb1 Ng4 10. a4 Nge5 11. Nxe5 Nxe5 12. Qb3 Bd7 13. Bd2 Qa5 14. Qa2 0-0 15. Rfd1 b5 16. cxb5 axb5 17. Nxb5 Qa6 18. Nc3 Bf5 19. b3 Bxb1 20. Rxb1 Rb4 21. Ne4 Rb6 22. Nc3 Rfb8 23. Bg5 c4 24. Bxe7 cxb3 25. Qd2 Nc4 26. Qc1 b2 27. Qe1 Na3 0-1

[Event "SE-2022-0-00332"]
[Site "LSS email"]
[Date "2022.01.03"]
[Round "?"]
[White "Endean, Andrew"]
[Black "Keiper, Archie"]
[Result "0-1"]
[WhiteElo "1393"]
[BlackElo "1351"]
[PlyCount "34"]
[EventDate "2021.06.09"]
[EventType "tourn (corr)"]
[EventRounds "6"]
[EventCountry "GER"]
[SourceTitle "Corr 2024"]
[Source "ChessBase"]
[SourceDate "2023.10.19"]
[SourceVersion "1"]
[SourceVersionDate "2023.10.19"]
[SourceQuality "1"]

1. d4 Nf6 2. c4 c5 3. d5 a6 4. a4 d6 5. Nf3 e5 6. dxe6 Bxe6 7. e3 Nc6 8. Be2 d5 9. cxd5 Nxd5 10. 0-0 Be7 11. Nbd2 0-0 12. e4 Nf4 13. g3 Nxe2+ 14. Qxe2 Qd7 15. Rd1 Rad8 16. b3 Bxb3 17. Nxb3 Qxd1+ 0-1

[Event "SE-2022-0-00332"]
[Site "LSS email"]
[Date "2022.01.03"]
[Round "?"]
[White "Keiper, Archie"]
[Black "Helmbrecht, John"]
[Result "1-0"]
[WhiteElo "1351"]
[BlackElo "1336"]
[PlyCount "49"]
[EventDate "2021.06.09"]
[EventType "tourn (corr)"]
[EventRounds "6"]
[EventCountry "GER"]
[SourceTitle "Corr 2024"]
[Source "ChessBase"]
[SourceDate "2023.10.19"]
[SourceVersion "1"]
[SourceVersionDate "2023.10.19"]
[SourceQuality "1"]

1. e4 c6 2. Nc3 d5 3. g3 dxe4 4. Nxe4 Nf6 5. Bg2 Bf5 6. Nxf6+ gxf6 7. d4 Nd7 8. Nf3 Nb6 9. Bf4 Nd5 10. Bd2 e6 11. 0-0 Bd6 12. a3 Qd7 13. Nh4 Bg6 14. c4 Ne7 15. Bc3 0-0-0 16. Qf3 f5 17. b4 Rhe8 18. b5 c5 19. dxc5 Bxc5 20. a4 Qc7 21. Rad1 Rd7 22. Rxd7 Qxd7 23. Rd1 Qc7 24. Be5 Qb6 25. a5 1-0

[Event "IECC TH-M-3611"]
[Site "IECC email"]
[Date "2021.03.17"]
[Round "?"]
[White "Keiper, Archie"]
[Black "Gideon, Daniel"]
[Result "1-0"]
[WhiteElo "1602"]
[BlackElo "1636"]
[PlyCount "37"]
[EventDate "2021.??.??"]
[EventType "tourn (corr)"]
[SourceTitle "Corr 2024"]
[Source "ChessBase"]
[SourceDate "2023.10.19"]
[SourceVersion "1"]
[SourceVersionDate "2023.10.19"]
[SourceQuality "1"]
[WhiteTeam "Vereinigte Staaten"]
[BlackTeam "Kanada"]
[WhiteTeamCountry "USA"]
[BlackTeamCountry "CAN"]

1. e4 e5 2. f4 exf4 3. Nf3 Be7 4. d4 Nf6 5. Nc3 Ng4 6. Bxf4 d6 7. Qd2 c6 8. Bd3 h6 9. 0-0-0 Qa5 10. h3 Nf6 11. Rhe1 Nh7 12. d5 Kd7 13. e5 Kd8 14. Bxh7 Rxh7 15. dxc6 bxc6 16. exd6 Bg5 17. Bxg5+ hxg5 18. Re5 Qxe5 19. Nxe5 1-0

[Event "IECC TH-M-3592"]
[Site "IECC email"]
[Date "2021.01.13"]
[Round "?"]
[White "Keiper, Archie"]
[Black "Caliguire, John"]
[Result "0-1"]
[WhiteElo "1616"]
[BlackElo "1673"]
[PlyCount "42"]
[EventDate "2021.??.??"]
[EventType "tourn (corr)"]
[SourceTitle "Corr 2024"]
[Source "ChessBase"]
[SourceDate "2023.10.19"]
[SourceVersion "1"]
[SourceVersionDate "2023.10.19"]
[SourceQuality "1"]
[WhiteTeam "Vereinigte Staaten"]
[BlackTeam "Vereinigte Staaten"]
[WhiteTeamCountry "USA"]
[BlackTeamCountry "USA"]

1. e4 d5 2. Nf3 dxe4 3. Bb5+ c6 4. Be2 exf3 5. Bxf3 e5 6. Qe2 Bd6 7. d4 Nd7 8. Nd2 Qe7 9. Nc4 Bc7 10. dxe5 Nxe5 11. Nxe5 Qxe5 12. Qxe5+ Bxe5 13. 0-0 Ne7 14. Re1 f6 15. c3 Kf7 16. Be3 Be6 17. Bc5 Rhd8 18. Rad1 Nf5 19. g3 Rxd1 20. Rxd1 b6 21. Bd4 Bxd4 0-1

[Event "SD-2020-0-00313"]
[Site "LSS email"]
[Date "2020.09.05"]
[Round "?"]
[White "Correa de Almeida, Claudio"]
[Black "Keiper, Archie"]
[Result "1-0"]
[WhiteElo "1517"]
[BlackElo "1423"]
[PlyCount "49"]
[EventDate "2020.04.28"]
[EventType "tourn (corr)"]
[EventRounds "6"]
[EventCountry "GER"]
[SourceTitle "Corr 2024"]
[Source "ChessBase"]
[SourceDate "2023.10.19"]
[SourceVersion "1"]
[SourceVersionDate "2023.10.19"]
[SourceQuality "1"]

1. e4 e5 2. Nf3 Nc6 3. Bb5 Bc5 4. c3 Nf6 5. d4 Bb6 6. Nxe5 0-0 7. Bd3 Re8 8. 0-0 Nxe5 9. dxe5 Rxe5 10. Bf4 Rc5 11. b4 Rc6 12. e5 Nd5 13. Bxh7+ Kxh7 14. Qxd5 Kg8 15. c4 Qh4 16. g3 Rg6 17. Qe4 Qh7 18. Nc3 a5 19. a3 c6 20. Rfd1 Qh5 21. Re1 Bc7 22. Rad1 Re6 23. Qd4 b6 24. b5 Ra7 25. h4 1-0

[Event "SD-2020-0-00312"]
[Site "LSS email"]
[Date "2020.08.24"]
[Round "?"]
[White "Glowinski, Daniel"]
[Black "Keiper, Archie"]
[Result "1-0"]
[WhiteElo "1460"]
[BlackElo "1423"]
[PlyCount "63"]
[EventDate "2020.02.11"]
[EventType "tourn (corr)"]
[EventRounds "6"]
[EventCountry "GER"]
[SourceTitle "Corr 2024"]
[Source "ChessBase"]
[SourceDate "2023.10.19"]
[SourceVersion "1"]
[SourceVersionDate "2023.10.19"]
[SourceQuality "1"]

1. e4 g6 2. d4 Bg7 3. Nf3 d6 4. Nc3 a6 5. Be2 Nf6 6. 0-0 0-0 7. h3 Nbd7 8. e5 Ne8 9. Bf4 c5 10. Re1 cxd4 11. Qxd4 Qa5 12. Nd5 dxe5 13. Nxe7+ Kh8 14. Bd2 exd4 15. Bxa5 b6 16. Bb4 Bb7 17. Rad1 Rd8 18. Nxd4 Ne5 19. c3 a5 20. Ba3 Nd6 21. f4 Nec4 22. Nec6 Nxa3 23. Nxd8 Rxd8 24. bxa3 Ne4 25. Nf3 Rxd1 26. Rxd1 Bf6 27. Rd7 Nxc3 28. Rxf7 Nxe2+ 29. Kf2 Bxf3 30. gxf3 Nxf4 31. Rxf6 Nxh3+ 32. Kg3 1-0

[Event "SD-2020-0-00312"]
[Site "LSS email"]
[Date "2020.08.19"]
[Round "?"]
[White "Keiper, Archie"]
[Black "Stringa, Alejandro"]
[Result "0-1"]
[WhiteElo "1423"]
[BlackElo "1582"]
[PlyCount "92"]
[EventDate "2020.02.11"]
[EventType "tourn (corr)"]
[EventRounds "6"]
[EventCountry "GER"]
[SourceTitle "Corr 2024"]
[Source "ChessBase"]
[SourceDate "2023.10.19"]
[SourceVersion "1"]
[SourceVersionDate "2023.10.19"]
[SourceQuality "1"]

1. e4 c5 2. Nf3 d6 3. d4 cxd4 4. Nxd4 Nf6 5. Nc3 a6 6. Bd3 e5 7. Nde2 Be7 8. 0-0 Be6 9. h3 Nbd7 10. Ng3 0-0 11. Nd5 Nc5 12. Nxe7+ Qxe7 13. Qf3 h6 14. c4 b5 15. cxb5 axb5 16. Bxb5 Rfb8 17. Bc6 Ra6 18. Bd5 Bxd5 19. exd5 e4 20. Qe2 Qe5 21. Rd1 Nxd5 22. Nxe4 Nb4 23. f3 Rxa2 24. Rxa2 Nxa2 25. Qc4 Nxc1 26. Qxc1 Rxb2 27. Rxd6 Nxe4 28. fxe4 Rxg2+ 29. Kxg2 Qxd6 30. Qc8+ Kh7 31. Qc2 h5 32. Qf2 Qg6+ 33. Kh2 f6 34. Qc2 Kh6 35. Qd3 Qg5 36. Qf3 Kg6 37. Kh1 Kf7 38. Qb3+ Ke7 39. Qb4+ Ke6 40. Qc3 h4 41. Qc7 Qe3 42. Qc8+ Ke5 43. Qf5+ Kd4 44. Qd5+ Kc3 45. Qf5 Kd2 46. Kh2 Qe2+ 0-1

[Event "SD-2020-0-00312"]
[Site "LSS email"]
[Date "2020.08.18"]
[Round "?"]
[White "Reede, Arvo"]
[Black "Keiper, Archie"]
[Result "1-0"]
[WhiteElo "1531"]
[BlackElo "1423"]
[PlyCount "47"]
[EventDate "2020.02.11"]
[EventType "tourn (corr)"]
[EventRounds "6"]
[EventCountry "GER"]
[SourceTitle "Corr 2024"]
[Source "ChessBase"]
[SourceDate "2023.10.19"]
[SourceVersion "1"]
[SourceVersionDate "2023.10.19"]
[SourceQuality "1"]

1. d4 Nf6 2. c4 g6 3. Nf3 e6 4. Nc3 d5 5. Bg5 Bg7 6. e3 c6 7. cxd5 cxd5 8. Bb5+ Bd7 9. Bd3 Qb6 10. 0-0 Bb5 11. Bxb5+ Nc6 12. Rc1 0-0 13. Bxc6 bxc6 14. Na4 Qb5 15. Rc5 Qb7 16. Bxf6 Bxf6 17. Qc2 Rfc8 18. Rc1 Rab8 19. Rxc6 Rxc6 20. Qxc6 Qxc6 21. Rxc6 Bd8 22. b3 a5 23. Nc5 Ra8 24. Kf1 1-0

[Event "SD-2020-0-00312"]
[Site "LSS email"]
[Date "2020.08.17"]
[Round "?"]
[White "Keiper, Archie"]
[Black "Bokros, Janos"]
[Result "0-1"]
[WhiteElo "1423"]
[BlackElo "1560"]
[PlyCount "24"]
[EventDate "2020.02.11"]
[EventType "tourn (corr)"]
[EventRounds "6"]
[EventCountry "GER"]
[SourceTitle "Corr 2024"]
[Source "ChessBase"]
[SourceDate "2023.10.19"]
[SourceVersion "1"]
[SourceVersionDate "2023.10.19"]
[SourceQuality "1"]

1. e4 e6 2. d4 d5 3. Nc3 Nf6 4. Bg5 Be7 5. e5 Nfd7 6. Bxe7 Qxe7 7. Qg4 0-0 8. Nf3 c5 9. Bd3 h6 10. 0-0 Nc6 11. dxc5 Ndxe5 12. Bb5 Nxg4 0-1

[Event "SE-2020-0-00004"]
[Site "LSS email"]
[Date "2020.04.23"]
[Round "?"]
[White "Keiper, Archie"]
[Black "Couspeyre, Thierry"]
[Result "1-0"]
[WhiteElo "1362"]
[BlackElo "1272"]
[PlyCount "53"]
[EventDate "2020.01.19"]
[EventType "tourn (corr)"]
[EventRounds "6"]
[EventCountry "GER"]
[SourceTitle "Corr 2024"]
[Source "ChessBase"]
[SourceDate "2023.10.19"]
[SourceVersion "1"]
[SourceVersionDate "2023.10.19"]
[SourceQuality "1"]

1. e4 e5 2. Nf3 Nc6 3. d4 exd4 4. Nxd4 Bc5 5. Be3 Qf6 6. Nb5 Bxe3 7. fxe3 Qh4+ 8. g3 Qxe4 9. Nxc7+ Kd8 10. Nxa8 Qxh1 11. Qd6 Nf6 12. Nd2 Re8 13. 0-0-0 Ne4 14. Qc7+ Ke7 15. Bd3 Qxh2 16. Bxe4 Qh6 17. Nc4 Kf8 18. Qd6+ Qxd6 19. Nxd6 Re5 20. Nc7 Ne7 21. Nd5 b6 22. Nxe7 Rxe7 23. Bd3 Rxe3 24. Nxc8 Rxg3 25. Bc4 f5 26. Rxd7 Ke8 27. Be6 1-0

[Event "SE-2020-0-00004"]
[Site "LSS email"]
[Date "2020.04.23"]
[Round "?"]
[White "Keiper, Archie"]
[Black "Raines, David"]
[Result "1/2-1/2"]
[WhiteElo "1362"]
[BlackElo "1223"]
[PlyCount "71"]
[EventDate "2020.01.19"]
[EventType "tourn (corr)"]
[EventRounds "6"]
[EventCountry "GER"]
[SourceTitle "Corr 2024"]
[Source "ChessBase"]
[SourceDate "2023.10.19"]
[SourceVersion "1"]
[SourceVersionDate "2023.10.19"]
[SourceQuality "1"]

1. e4 c6 2. d4 d5 3. f3 Qb6 4. a3 e6 5. c4 dxc4 6. Bxc4 Nf6 7. Nc3 Nbd7 8. Nge2 Be7 9. 0-0 0-0 10. Be3 Qd8 11. e5 Nd5 12. Nxd5 exd5 13. Bd3 c5 14. Qc2 g6 15. Qc3 c4 16. Bc2 Nb6 17. Qd2 Be6 18. Bh6 Re8 19. f4 f5 20. Bg5 Qd7 21. Bxe7 Qxe7 22. Nc3 a6 23. a4 a5 24. Nb5 Nc8 25. Bd1 Rd8 26. Bf3 Na7 27. Qxa5 Nxb5 28. Qxb5 Kg7 29. a5 Ra6 30. Ra4 Qc7 31. Ra3 Qc6 32. Qxc6 Rxc6 33. Ra4 Ra8 34. Rb4 Rxa5 35. Rxb7+ Kh6 36. h3 1/2-1/2

[Event "IECC CL4-2020.02 email"]
[Site "IECC email"]
[Date "2020.04.20"]
[Round "?"]
[White "Carlsen, Torben Erik"]
[Black "Keiper, Archie"]
[Result "1-0"]
[WhiteElo "1762"]
[BlackElo "1661"]
[PlyCount "52"]
[EventDate "2020.??.??"]
[EventType "tourn (corr)"]
[EventRounds "4"]
[SourceTitle "Corr 2024"]
[Source "ChessBase"]
[SourceDate "2023.10.19"]
[SourceVersion "1"]
[SourceVersionDate "2023.10.19"]
[SourceQuality "1"]
[WhiteTeam "Brasilien"]
[BlackTeam "Vereinigte Staaten"]
[WhiteTeamCountry "BRA"]
[BlackTeamCountry "USA"]

1. e4 d5 2. exd5 Nf6 3. Nf3 Nxd5 4. c4 Nf6 5. d4 Bf5 6. Be2 e6 7. Nc3 Bb4 8. 0-0 0-0 9. Qb3 a5 10. a3 Bxc3 11. bxc3 b6 12. Bf4 a4 13. Qb2 Nc6 14. Rfe1 Ra5 15. Rad1 Qe7 16. h3 h6 17. Bf1 Qd8 18. Ne5 Ne7 19. Qc1 Qa8 20. g4 Be4 21. Qe3 Qe8 22. Bg3 Bb7 23. Bd3 Nc6 24. Nf3 Qd8 25. Qf4 Nb8 26. Ne5 Re8 1-0

[Event "IECC CL4-2020.02 email"]
[Site "IECC email"]
[Date "2020.04.20"]
[Round "?"]
[White "Keiper, Archie"]
[Black "Hargreaves, Richard"]
[Result "1-0"]
[WhiteElo "1689"]
[BlackElo "1596"]
[PlyCount "25"]
[EventDate "2020.??.??"]
[EventType "tourn (corr)"]
[EventRounds "4"]
[SourceTitle "Corr 2024"]
[Source "ChessBase"]
[SourceDate "2023.10.19"]
[SourceVersion "1"]
[SourceVersionDate "2023.10.19"]
[SourceQuality "1"]
[WhiteTeam "Vereinigte Staaten"]
[BlackTeam "England"]
[WhiteTeamCountry "USA"]
[BlackTeamCountry "ENG"]

1. d4 Nf6 2. Bg5 c5 3. Bxf6 exf6 4. Nf3 Qb6 5. b3 d5 6. e3 Nc6 7. Bd3 cxd4 8. exd4 Bg4 9. c3 Bd6 10. 0-0 0-0 11. Nbd2 Rac8 12. h3 Bd7 13. a3 1-0

[Event "SN-2020-0-01013"]
[Site "LSS email"]
[Date "2020.03.04"]
[Round "?"]
[White "Peterson, Oscar"]
[Black "Keiper, Archie"]
[Result "1-0"]
[WhiteElo "800"]
[BlackElo "800"]
[PlyCount "59"]
[EventDate "2019.12.24"]
[EventType "tourn (corr)"]
[EventRounds "6"]
[EventCountry "GER"]
[SourceTitle "Corr 2022"]
[Source "ChessBase"]
[SourceDate "2021.10.24"]
[SourceVersion "1"]
[SourceVersionDate "2021.10.24"]
[SourceQuality "1"]

1. d4 Nf6 2. c4 g6 3. Nc3 d5 4. Bf4 Nc6 5. e3 Bg7 6. h3 Be6 7. e4 Nxe4 8. Nxe4 dxe4 9. d5 Bxb2 10. Rb1 Bc3+ 11. Bd2 Bxd2+ 12. Qxd2 Qd6 13. dxe6 Qxd2+ 14. Kxd2 0-0-0+ 15. Ke3 f5 16. c5 Rhf8 17. h4 Rd5 18. Nh3 Ne5 19. Rc1 Ng4+ 20. Kf4 Rd2 21. c6 b6 22. Ba6+ Kb8 23. a4 Rfd8 24. a5 R8d4 25. Kg5 e3 26. fxe3 Nxe3 27. g3 Ra2 28. Nf4 Rxa5 29. Bb7 Re5 30. Kh6 1-0

[Event "TH-S-1203"]
[Site "IECC email"]
[Date "2020.02.16"]
[Round "?"]
[White "Keiper, Archie"]
[Black "Downes, John"]
[Result "0-1"]
[WhiteElo "1660"]
[BlackElo "1681"]
[PlyCount "48"]
[EventDate "2020.??.??"]
[EventType "tourn (corr)"]
[SourceTitle "Corr 2024"]
[Source "ChessBase"]
[SourceDate "2023.10.19"]
[SourceVersion "1"]
[SourceVersionDate "2023.10.19"]
[SourceQuality "1"]
[WhiteTeam "Vereinigte Staaten"]
[BlackTeam "England"]
[WhiteTeamCountry "USA"]
[BlackTeamCountry "ENG"]

1. e4 d6 2. d4 Nf6 3. Nc3 g6 4. f4 Bg7 5. Bd3 e5 6. Nf3 exd4 7. Nxd4 c6 8. Nf3 Nbd7 9. Be3 0-0 10. Qd2 b5 11. 0-0-0 b4 12. Ne2 c5 13. e5 dxe5 14. fxe5 Ng4 15. Bc4 Qa5 16. e6 Nb6 17. exf7+ Kh8 18. Bb3 Nxe3 19. Qxe3 c4 20. Nf4 cxb3 21. Qxb3 Ba6 22. Nd2 Na4 23. Ne4 Bxb2+ 24. Kb1 Bg7 0-1

[Event "SN-2020-0-01012"]
[Site "LSS email"]
[Date "2020.01.23"]
[Round "?"]
[White "Keiper, Archie"]
[Black "Neuhausen, Rainer"]
[Result "1-0"]
[WhiteElo "800"]
[BlackElo "963"]
[PlyCount "41"]
[EventDate "2019.12.21"]
[EventType "tourn (corr)"]
[EventRounds "6"]
[EventCountry "GER"]
[SourceTitle "Corr 2022"]
[Source "ChessBase"]
[SourceDate "2021.10.24"]
[SourceVersion "1"]
[SourceVersionDate "2021.10.24"]
[SourceQuality "1"]

1. e4 e5 2. f4 d5 3. exd5 e4 4. d3 Qxd5 5. Nc3 Bb4 6. Bd2 Qa5 7. dxe4 Nf6 8. e5 Nfd7 9. a3 Be7 10. b4 Qb6 11. Nd5 Qc6 12. Nxe7 Kxe7 13. Bd3 Qxg2 14. Qf3 Qxf3 15. Nxf3 Nb6 16. f5 h6 17. 0-0-0 Nc6 18. b5 Nd8 19. Rhg1 a6 20. e6 fxe6 21. Rxg7+ 1-0